<?xml version="1.0" encoding="UTF-8"?>
<marc:record xmlns:marc="http://www.loc.gov/MARC21/slim">
   <marc:leader>00000nam a2200000 a 4500</marc:leader>
   <marc:datafield ind1="1" ind2=" " tag="100">
      <marc:subfield code="a">Korn, Max</marc:subfield>
      <marc:subfield code="4">aut</marc:subfield>
      <marc:subfield code="e">Verfasser/-in</marc:subfield>
   </marc:datafield>
   <marc:datafield ind1="0" ind2="0" tag="245">
      <marc:subfield code="a">Talberg 1935</marc:subfield>
   </marc:datafield>
   <marc:datafield ind1="0" ind2="0" tag="245">
      <marc:subfield code="b">Roman</marc:subfield>
   </marc:datafield>
   <marc:datafield ind1=" " ind2="1" tag="264">
      <marc:subfield code="b">Wilhelm Heyne Verlag</marc:subfield>
      <marc:subfield code="c">9</marc:subfield>
   </marc:datafield>
   <marc:datafield ind1="1" ind2=" " tag="520">
      <marc:subfield code="a">Ein Mann, der totgeglaubt war, ist zurückgekehrt. Und einer, der gestern noch lebte, liegt mit zerschmettertem Schädel auf dem Berg.

Der Lehrer Steiner hat einen Turm bauen lassen. Angeblich für Vermessungszwecke. Doch im Wirtshaus erzählen sie sich, er beabsichtige, seine Frau dort hinunterzuwerfen. Aber dann liegt er selber unten, mit zerschmettertem Schädel und leeren Augen. Wer hat seinen perfiden Plan für sich missbraucht? Und wer erbt jetzt den Hof, den der Lehrer nie haben wollte? Seine Frau? Oder der ungeliebte Bruder, dessen Name voreilig ins Kriegerdenkmal gemeißelt worden war? Doch er kehrte zurück, und statt seines Lebens hat er nur einen Arm im Krieg gelassen - und jegliche Menschlichkeit.
Talberg ist ein kleiner abgelegener Ort am äußersten Rand der deutschen Provinz. Fernab der großen Zentren und im Schatten eines gewaltigen Berges gelegen, scheint sich hier über die Jahrzehnte hinweg das Böse immer wieder zu sammeln. Drei Romane spielen zu unterschiedlichen Zeiten in diesem Ort. Vier ortsansässige Familien bestimmen das Geschehen  wechselweise sind sie mal Opfer, mal Täter, mal Ermittler. Und natürlich sind alle Fälle miteinander verbunden</marc:subfield>
   </marc:datafield>
   <marc:datafield ind1=" " ind2=" " tag="020">
      <marc:subfield code="a">9783453424593</marc:subfield>
      <marc:subfield code="9">9783453424593</marc:subfield>
   </marc:datafield>
</marc:record>
